000
00248nam a2200097Ia 4500
001
714627
005
20250826162909.0
008
250824s9999 xx 000 0 und d
245
0
_a
KENDİ AYAKLARI ÜSTÜNDE
_c
İPEK ONGUN
260
_b
ARTEMİS YAYINLARI
999
_c
714627
_d
714627